| 000 | 00759nam a2200265 a 4500 | ||
|---|---|---|---|
| 001 | 37237 | ||
| 003 | BD-RjUL | ||
| 005 | 20211209052606.0 | ||
| 008 | 141116s1994 enka b 001 0 eng d | ||
| 020 | _a0198542879 | ||
| 035 | _a(BD-RjUL)37339 | ||
| 040 |
_aDLC _cDLC _dDLC _dBD-RjUL _beng |
||
| 041 | _aeng | ||
| 082 | 0 | 0 |
_a575.1 _220 _bLEG 1994 |
| 100 | 1 |
_aLewin, Benjamin. _9114066 |
|
| 245 | 1 | 0 |
_aGenes V / _cBenjamin Lewin. |
| 260 |
_aOxford ; _aNew York : _bOxford University Press, _c1994. |
||
| 300 |
_axxiv, 1272 p. : _bill. (some col.) ; _c29 cm. |
||
| 504 | _aIncludes bibliographical references and index. | ||
| 650 | 0 |
_aGenetics. _9114067 |
|
| 740 | 0 | _aGenes five. | |
| 942 |
_2ddc _cBK |
||
| 999 |
_c37237 _d37237 |
||